00764nam a2200217 i 450000100060000000300090000600500170001500700030003200800410003510000360007624500640011225000150017626000370019130000280022849000360025665000390029283000440033185200320037599900170040795201220042465898ES-MaACL20240305175722.0t|040123s1973 sp ||||1| cat d1 aFullat, Octavi (d1928-)95300110aEducació i escola dia rera dia / cOctavi Fullat i Genis. a[1ª ed.]. a[Barcelona] : bPortic, c[1973] aVIII, 396 p. ; c20 cm.1 aCol·lecció Pórtic 71 ; v6 7aEnseñanza-zCataluña291448050 aCol·lecció Pórtic 71 ; v69230773 aES-MaACLjC-54902 bR.87652 c65898d65898 00104070aATENEOMbATENEOMcDEPO2d2008-01-17eSCl0oC-54902p1069037r2023-02-23 00:00:00w2023-02-23yMONOGRAFIA